MDQL
is popping MORE tags! Check the
thread
!
Quizzes
Events
Quiz Creation
Community
Videos
Private Events
Remove Ads
Sign In
Join for FREE
Feedback
Dark Mode
Quiz Categories
Sports
Geography
Music
Movies
Television
Just For Fun
Miscellaneous
History
Literature
Language
Science
Gaming
Entertainment
Religion
Holiday
For Kids
Quiz Lab
Recent
Popular Today
Quiz Kudos Today
Editor Picks
Curator Picks
Quizzes by...
Day
Popularity
Type
Ratings
Length
Year
Community
Subscriptions
Recent Discussions
Orange Saloon
Badges
Playlists
Quests
Create
Leaderboards
Showdown
Live 5
Trivia Bingo
Activity
Puzzle Library
Sporcle Events
Private Events
Virtual Trivia
Globe League
Become a Host
Pub Owners
SporcleCon
Opinionation
Our Games
Videos
Blog
Mobile Apps
Partnerships
Remove Ads and Go Orange
Feedback
Miscellaneous
Crossword
General Knowledge
Baby Names
Logo
Food
Cars
Numbers
Grab Bag
University
College
Popular
Company
Slogans
Restaurants
Justice
Letter
Miscellaneous
Crossword
General Knowledge
Baby Names
Logo
Food
Cars
Numbers
Grab Bag
University
College
Popular
Company
Slogans
Restaurants
Justice
Letter
Random Quiz
Search Sporcle
×
Quiz Lab
Quiz Lab
Miscellaneous
cat
Type in answers that appear in a list
Type in answers that appear in a list
Classic
Best Score? Go Orange.
Types of Cats Stats
Can you name the Types of Cats?
By
Dreamwolf777
10m
80 Questions
109 Plays
109 Plays
109 Plays
Comments
Comments
Give Quiz Kudos
Give Quiz Kudos
-
- Ratings
hide this ad
Replay
Link that replays current quiz
Next Quiz
Link to next quiz in quiz playlist
You Got
0%
They Got
Avg Score
11%
Avg Friend Score
Upgrade to see
Score Distribution
Jump to the score distribution portion of the page
Score
0/80
Timer
10:00
0
Plays Today
Type of Cat
% Correct
siamese
67.9%
persian
57.8%
maine coon
44%
ragdoll
42.2%
russian blue
39.4%
manx
34.9%
sphynx
33.9%
bengal
31.2%
burmese
30.3%
british shorthair
28.4%
scottish fold
27.5%
american shorthair
26.6%
abyssinian
22.9%
himalayan
22%
munchkin
21.1%
birman
19.3%
siberian
19.3%
bombay
17.4%
devon rex
16.5%
american curl
15.6%
norwegian forest cat
15.6%
cornish rex
14.7%
savannah
14.7%
balinese
12.8%
turkish van
12.8%
turkish angora
11.9%
egyptian mau
11%
exotic shorthair
11%
american bobtail
10.1%
american longhair
10.1%
british longhair
10.1%
japanese bobtail
10.1%
korat
9.2%
oriental shorthair
9.2%
tonkinese
9.2%
snowshoe
8.3%
american wirehair
7.3%
selkirk rex
7.3%
singapura
7.3%
somali
7.3%
Type of Cat
% Correct
havana brown
6.4%
javanese
6.4%
ocicat
6.4%
chartreux
5.5%
laperm
5.5%
ragamuffin
5.5%
toyger
5.5%
dragon li
4.6%
donskoy
3.7%
nebelung
3.7%
oriental longhair
3.7%
peterbald
3.7%
pixie-bob
3.7%
chausie
2.8%
cheetoh
2.8%
cymric
2.8%
kurilian bobtail
2.8%
minskin
2.8%
sokoke
2.8%
2.8%
brazilian shorthair
1.8%
colorpoint shorthair
1.8%
thai
1.8%
aegean cat
0.9%
australian mist
0.9%
asian semi-longhair
0.9%
european shorthair
0.9%
german rex
0.9%
napolean cat
0.9%
ojos azules
0.9%
oregon rex
0.9%
ussuri
0.9%
york chocolate cat
0.9%
american polydactyl
0%
california spangled cat
0%
chantilly
0%
domestic shorthair cat
0%
oriental bicolour
0%
serengeti cat
0%
ukrainian levkoy
0%
Quiz Playlist
Details
Report
Send in Message
Add To Playlist
Classic:
Type in answers that appear in a list
Last Updated: Feb 16, 2017
Quiz Scoreboard
CHALLENGE
Sign Up to Join the Scoreboard
Show All
Scores
Hide
Comments
May contain spoilers
Recently Published
Two Season TV Shows II
by 123Four
Television
10m
Image Sorting: Flags VI
by Barbecue
Geography
2m
Find the 'City' Movie
by crazypaving
Movies
60s
More to Explore
Quiz From the Vault
Featured Blog Post
14 Easter Pick-up Lines to Find Eggs With
hide this ad
You Might Also Like...
Tags
cat
Today's Top Quizzes in Miscellaneous
Browse Miscellaneous
hide this ad
Today's Top Quizzes in cat
Browse cat
Top Contributed Quizzes in Miscellaneous
1
The JOE quick-fire general knowledge quiz: Day 174
2
9x9 Crossword: Disney Movie Titles
3
5-to-1: Fast Food
4
The JOE quick-fire general knowledge quiz: Day 173
5
9x9 Crossword: Charlie and the Chocolate Factory
6
9x9 Crossword: The Simpsons
7
9x9 Crossword: Flags
8
9x9 Crossword: Actors
9
9x9 Crossword: 2022 Movies
10
9x9 Crossword: Pixar Movie Titles
Explore More
Trending Topics
NBA
Anime
Kpop
Disney
Crossword
Marvel
Harry Potter
WWE
The Office
Pokémon
Soccer
NFL
Song
Country
Puzzle
hide this ad
More By:
Dreamwolf777
Quiz
Plays
Rating
Category
Featured
Created
Types of Cats
109
1.00
Miscellaneous
Jun 9, 2011
Go to Creator's Profile
Score Distribution
Quiz Creator Spotlight
Dreamwolf777
Follow
Send a Message
Quizzes Created
-
Created Quiz Play Count
-
More By This Creator
Popular Quizzes Today
1
Find the US States - No Outlines Minefield
2
Colored Red Africa Blitz
3
Find the 'City' Movie
4
5x2 Blitz: Bands
5
The Countries of the World
6
Find the Countries of Europe - No Outlines Minefield
7
Find the US States
8
US States
More Miscellaneous Quizzes
Sunday Crossword: Follow Suit
Published
Trending Quizzes
Colored Red Europe Blitz I
Colored Red Africa Blitz II
Colored Red Europe Blitz II
Even More Two Season TV Shows
Colored Red Africa Blitz III
Recently Updated
March Madness Men's Triple Doubles
pecheneg
How Do You Spell That?
pecheneg
Godzilla Movies
pecheneg
Grab Bag: 4-10 Letters
pecheneg
2024 March Madness Bracket
pecheneg
Famous TV Couples
Peacemaker
Champions League XIs: Real Madrid
pecheneg
Largest US Cities 1790-2010
pecheneg
Rides in Walt Disney World
pecheneg
Most Oscar Losses (Acting)
pecheneg
Trending Topics
Kpop
Harry Potter
Disney
Crossword
NBA
Anime
Marvel
NFL
Song
Soccer
The Office
Pokémon
Country
Puzzle
WWE
Your Account Isn't Verified!
In order to create a playlist on Sporcle, you need to verify the email address you used during registration. Go to your
Sporcle Settings
to finish the process.
Report this User
Report this user for behavior that violates our
Community Guidelines
.
Details:
Send Report
Go to the Sporcle.com Mobile Site →
Comments